| 000 | 01272nam a2200121Ia 4500 | ||
|---|---|---|---|
| 008 | 220620s9999||||xx |||||||||||||| ||und|| | ||
| 245 | 0 | _aMarine-Derived Products for Biomedicine | |
| 546 | _aEnglish[eng] | ||
| 650 | _aExtracellular Polymeric Substances||hydrogel||mesenchymal stem cells||biomaterials||enzyme||omega 3||PUFA||Trichormus variabilis||Cyanobacteria||mechanochemical synthesis||chitosan||laser stereolithography||long-term stability||scaffold||tissue reaction||chitin||scaffolds||biological materials||demosponges||Pseudoceratina arabica||microalgae||biodiversity||bioactive compounds||green extractions||pharmaceutical||secondary metabolites||biofuels||antibiofilm||fucoidan||motility||nanoparticles||Pseudomonas aeruginosa||virulence factors||n-3 fatty acids||brain||α-Chitin||prodigiosin||anti-tumors||Serratia marcescens||bioprocessing||echinochrome A||estradiol||extracellular matrix||vocal fold||ovariectomy||marine polymers||ionic liquids||tissue engineering||membranes||hydrogels||sponges||Chondrosin||Chondrosia reniformis||marine toxin||cytotoxic protein||Porifera||marine||microbes||cancer||prevention||therapy||in vitro||in vivo||clinical studies | ||
| 700 | _aGiovine, Marco | ||
| 856 | _uhttps://mdpi.com/books/pdfview/book/2953 | ||
| 942 | _cEB | ||
| 999 |
_c33521 _d33521 |
||